000 01114cam a2200361 4500
001 9242
005 20230410132710.0
008 060907n1990 sp spa
035 _9funglode9317
035 _a(OCoLC)ocm25468282
040 _aTXP
_cTXP
_dOCL
_dOCLCG
_dDEBBG
020 _a8401800579
020 _a9788401800573
029 1 _aDEBBG
_bBV007465722
035 _a(OCoLC)25468282
041 1 _aspa
_hger
050 1 4 _aPT 2625
_bM282s 1990
082 0 0 _a833.91
049 _aGRAL
100 1 _aMann, Thomas,
_d1875-1955.
245 1 0 _aSobre mí mismo :
_bla experiencia alemana /
_cThomas Mann ; [traduccion de Ana Maria de la Fuente].
260 _aBarcelona :
_bPlaza y Janes,
_c1990.
300 _a254 p. ;
_c22 cm.
490 0 _aParadigma ;
_v8
504 _aIncludes bibliographical references (p. 251-[255]).
500 _aTranslation of: Uber mich selbst autobiographische Schriften.
600 1 0 _aMann, Thomas,
_d1875-1955.
650 0 _aAuthors, German
_y20th century.
650 4 _aCES
650 4 _aColección Enriquillo Sanchez
942 _2lcc
_cbk
994 _aC0
_bDRFGD
999 _c86095
_d86095